Statistiques concernant La Russie pour les touristes... - Facile

Cliquez ici pour prendre le quiz!

Statistiques générales

  • Ce quiz a été pris 23 fois
    (6 depuis la dernière actualisation)
  • Le résultat moyen est 13 sur 20

Statistiques - réponses

QuestionIndiceRéponsesIndice facile% Correct
La vitesse est limitée sur autoroutes à{110} km/h
100%
Quelles autres langues sont répandues ?AAnglais
100%
La conduite se fait à droite ou à gauche ?Droite
100%
Quelles sont les principales villes touristiques ?MMoscou
100%
Dans la capitale y-a-t-il un décalage horaire avec Paris ? (oui/non)Oui
100%
Le suffixe internet estru
100%
Quelle est la langue officielle ?Russe
100%
Le taux d'alcoolémie toléré au volant est de{0} g/l
83%
Quelles sont les principales villes touristiques ?KKazanNAZAK
83%
Quelles sont les principales villes touristiques ?SSaint-PetersbourgBITREGROUPASSENT
83%
Quelle est la monnaie ?RoubleR
67%
Quelles autres langues sont répandues ?AAllemand
50%
Achats à faire3/ Boite enLaqueQUALE
50%
La religion majoritaire estOOrthodoxisme
50%
Quelles sont les principales villes touristiques ?IIrkoutskROSITKKU
33%
Quels sites peut-on visiter ?BLac {Baïkal}BALAIK
33%
Quelles sont les principales villes touristiques ?VVladivostokVOIVODATSKL
33%
Achats à faire1/ EmpilablesMatriochkaACHROMATIK
17%
Achats à faire2/ Châles de...Pavolvski-PossadPAVLOVASDIKOPSS
0%
Quels sites peut-on visiter ?CRégion de {Carélie}
0%

Distribution des résultats

Percentile par nombre de réponses

% des personnes avec chaque résultat

Votre développement - résultats

Vous n’avez pas pris ce quiz depuis la dernière actualisation